000
00344nam a22001097a 4500
040
_c
HS
082
_a
333
100
_a
វន មុនិន្ធ
245
_a
ការវាយតំលៃផលប៉ះពាល់បរិស្ថាន (Environmental impact assessment)
260
_a
RUA
_b
វន មុនិន្ទ
_c
2009
942
_c
KB
999
_c
8547
_d
8547